000 00692nam a2200205Ia 4500
003 0100
008 130307s9999 xx 000 0 und d
040 _cARRUPELIB
050 _aJK11 1941A
100 _aChristensen, Asher Norman and Kirkpatrick Evron Maurice
245 4 _aThe people, politics, and the politician
245 _breadings in American Government
260 _aNew York
260 _bHenry Holt and Company
260 _c1964
300 _ax
300 _b1001p. 24cm.
650 _bCanada -Religion-Congresses - Minorities-Canada-Congresses - Barclay, Harold 2 Coward, Harold G, 1936- 3 Kawamura, Leslie, 1935- 4 Calgary institute for the Humanities
942 0 0 _01
999 _c100752
_d100752